Представление документа в формате RUSMARC

ПолеНазваниеЗначение
  Тип записи a
  Библиографический уровень m
001 Контрольный номер 37c0baf722a74012b5d5653a987e6822
005 Дата корректировки 20141023100422.9
010 Индекс ISBN __
a ISBN 5-98032-607-3
200 Заглавие и сведения об ответственности 1_
a Заглавие Конкуренция в вопросах и ответах
e Сведения, относящиеся к заглавию учеб. пособие
f Первые сведения об ответственности Кулешова, Алла Борисовна
210 Выходные данные 1_
a Место издания М.
c Издательство Проспект
d Дата издания 2004
215 Физическое описание __
a Объем 254 с.
610 Ключевые слова 0_
a Ключевые слова конкуренция
610 Ключевые слова 0_
a Ключевые слова совершенная конкуренция
610 Ключевые слова 0_
a Ключевые слова несовершенная конкуренция
610 Ключевые слова 0_
a Ключевые слова фирмы
610 Ключевые слова 0_
a Ключевые слова рынок труда
610 Ключевые слова 0_
a Ключевые слова стратегия
610 Ключевые слова 0_
a Ключевые слова информационные технологии
610 Ключевые слова 0_
a Ключевые слова конкурентоспособность стран
610 Ключевые слова 0_
a Ключевые слова страны
610 Ключевые слова 0_
a Ключевые слова зарубежные страны
610 Ключевые слова 0_
a Ключевые слова здравоохранение
610 Ключевые слова 0_
a Ключевые слова мировая экономика !
610 Ключевые слова 0_
a Ключевые слова глобальные проблемы
610 Ключевые слова 0_
a Ключевые слова Россия
610 Ключевые слова 0_
a Ключевые слова высшее образование
610 Ключевые слова 0_
a Ключевые слова наука
610 Ключевые слова 0_
a Ключевые слова подготовка кадров
610 Ключевые слова 0_
a Ключевые слова кластер
610 Ключевые слова 0_
a Ключевые слова глобальная отрасль
610 Ключевые слова 0_
a Ключевые слова глобальная стратегия
686 Индексы других классификаций __
a Классификационный индекс 65.01я73
2 Код системы rubbk
686 Индексы других классификаций __
a Классификационный индекс 65.9(2)-13
2 Код системы rubbk
700 Автор _1
a Фамилия Кулешова, Алла Борисовна
801 Источник записи _0
a Страна RU
b Организация РУК
c Дата составления 20050211
g Правила каталогизации PSBO
801 Источник записи _1
a Страна RU
b Организация РУК
c Дата составления 20050211
g Правила каталогизации PSBO
852 Данные о местонахождении __
i Авторский знак К 90
j Шифр хранения ББК 65.01
901 Тип документа __
t Тип документа m
938 Служебная информация __
a Название организации Головной вуз
b Имя БД BOOK
c Название АИБС АИБС ИРБИС
938 Служебная информация __
a Название организации Башкирский филиал